00917nam a2200265 a 450000100060000000300080000600500170001400800410003102000150007203500200008704000270010704100080013408200220014210000310016424500970019526000310029230000320032350000400035550400300039565000220042565000330044794200120048099900170049295201420050965807BD-RjUL20211209081451.0170312s1974 nyua b 001 0 eng d a0471812102 a(BD-RjUL) 65937 aDLCcDLCdBD-RjULbeng aeng00a594223bSOS 19741 aSolem, Aland1931-919460114aThe shell makers:c[by] Alan Solem. Drawings by Carole W. Christman.bintroducing mollusks / aNew York :bWiley,cc1974. axii, 289 p.bill. ;c23 cm. a"A Wiley-Interscience publication." aBibliography: p. 256-262. 0aMollusks.9194602 0aMollusksxEvolution.9194603 2ddccBK c65807d65807 00102ddc40718NFICaRUCLbRUCLcReadingd1977-05-07eHeffer And Sons.g7.45l0o594 SOS 1974r2017-03-12 00:00:00tC-1w2017-03-12yBK